000 01001nam a22002417a 4500
003 dpl
005 20240903113527.0
008 231221b |||||||| |||| 00| 0 eng d
010 _aENG-141567
020 _a9789389146172
_c500.00
035 _aEN-125099
037 _bDBAD
040 _c0
082 _a332.1
100 _aKamaraj, R.
_970408
245 _aInclusive Banking Through Pradhan Mantri Jan Dhan Yojana/
_cBy R. Kamaraj [and] C. Paramasivan
260 _aTamil Nadu
_bShanlax Publications
_c2019
270 _a61, 66 T.P.K. Main Road Vasantha Nagar
_bMadurai
_e625003
_cMadurai
_dIndia
_k0452-4208765
_k7639303383
_mpublisher@shanlaxpublications.com
300 _a236p.
_c22cm(pb)
700 _aParamasivan, C.
_eAuthor
_970876
942 _cEN
_h332.1
_mKAM
_2ddc
999 _c205481
_d205481